Language: Its nature, development and origin

সংরক্ষণ করুন:
গ্রন্থ-পঞ্জীর বিবরন
প্রধান লেখক: Otto Jespersen
বিন্যাস: গ্রন্থ
ভাষা:Undetermined
প্রকাশিত: New York W.W.Norton 1964
বিষয়গুলি:
ট্যাগগুলো: ট্যাগ যুক্ত করুন
কোনো ট্যাগ নেই, প্রথমজন হিসাবে ট্যাগ করুন!
Thư viện lưu trữ: Trung tâm Học liệu Trường Đại học Cần Thơ
LEADER 00485nam a2200181Ia 4500
001 CTU_195
008 210402s9999 xx 000 0 und d
082 |a 410 
082 |b J58 
100 |a Otto Jespersen 
245 0 |a Language: Its nature, development and origin 
245 0 |c Otto Jespersen 
260 |a New York 
260 |b W.W.Norton 
260 |c 1964 
650 |a language and languages 
904 |i Minh,960718 
980 |a Trung tâm Học liệu Trường Đại học Cần Thơ